Movies Quiz

Random Movies or Box Office Quiz
Score 0/21 Timer 05:00
6 Plays Today
% Correct
V for Vendetta
88.6%
Venom
84.6%
Valentine's Day
72.1%
Van Helsing
71.7%
Vanilla Sky
68%
Vacation
50.4%
Vice
48.6%
Valkyrie
48.5%
Valerian and the City of a Thousand Planets
32.9%
A View to a Kill
29.4%
Vicky Cristina Barcelona
27.4%
% Correct
Volcano
26.5%
The Village
26.2%
Victoria & Abdul
21.3%
Vertical Limit
20.5%
The Vow
18%
Vampires Suck
16.3%
Volver
15.1%
Vantage Point
10.6%
The Visit
7.2%
A Very Long Engagement
4.9%
Remove Ads.
Support Sporcle.
Get the best of Sporcle when you Go Orange. This ad-free experience offers more features, more stats, and more fun while also helping to support Sporcle. Thank you for becoming a member.

You're not logged in!

Compare scores with friends on all Sporcle quizzes.
OR
Log In

Show Comments

Extras

Top Quizzes Today


Score Distribution

Your Account Isn't Verified!

In order to create a playlist on Sporcle, you need to verify the email address you used during registration. Go to your Sporcle Settings to finish the process.

Report this User

Report this user for behavior that violates our Community Guidelines.

Details: